Quizzes
Events
Quiz Creation
Community
Videos
Private Events
Remove Ads
Sign In
Join for FREE
Feedback
Dark Mode
Quiz Categories
Sports
Geography
Music
Movies
Television
Just For Fun
Miscellaneous
History
Literature
Language
Science
Gaming
Entertainment
Religion
Holiday
For Kids
Quiz Lab
Recent
Popular Today
Quiz Kudos Today
Editor Picks
Curator Picks
Quizzes by...
Day
Popularity
Type
Ratings
Length
Year
Community
Subscriptions
Recent Discussions
Orange Saloon
Badges
Playlists
Quests
Create
Leaderboards
Showdown
Live 5
Trivia Bingo
Activity
Puzzle Library
Sporcle Events
Private Events
Virtual Trivia
Globe League
Become a Host
Pub Owners
SporcleCon
Opinionation
Our Games
Videos
Blog
Mobile Apps
Partnerships
Remove Ads and Go Orange
Feedback
Sports
Athletes
MLB
NBA
NHL
NFL
Soccer
Sports Teams
WWE
NCAA
Football
Premier League
Basketball
Baseball
Hockey
Golf
Tennis
Cricket
Rugby
Auto Racing
Olympics
World Cup
Sports
Athletes
MLB
NBA
NHL
NFL
Soccer
Sports Teams
WWE
NCAA
Football
Premier League
Basketball
Baseball
Hockey
Golf
Tennis
Cricket
Rugby
Auto Racing
Olympics
World Cup
Random Quiz
Search Sporcle
×
Quiz Lab
Quiz Lab
Sports
MLB
Type in answers that appear in a list
Type in answers that appear in a list
Classic
Best Score? Go Orange.
Oakland A's Cleanup Hitters of the 1980s Stats
Can you name the Oakland A's Cleanup Hitters of the 1980s?
By
Baseballisfun
10m
29 Questions
186 Plays
186 Plays
186 Plays
Comments
Comments
Give Quiz Kudos
Give Quiz Kudos
-
- Ratings
hide this ad
More Info
Replay
Link that replays current quiz
Next Quiz
Link to next quiz in quiz playlist
You Got
0%
They Got
Avg Score
50%
Avg Friend Score
Upgrade to see
Score Distribution
Jump to the score distribution portion of the page
Score
0/29
Timer
10:00
0
Plays Today
Number of Games
Answer
% Correct
251
Mark McGwire
97.8%
59
Jose Canseco
97.3%
1
Dave Henderson
95.7%
1
Steve Henderson
95.7%
81
Carney Lansford
88.7%
12
Reggie Jackson
83.9%
12
Terry Steinbach
81.2%
358
Dave Kingman
79.6%
108
Dave Parker
76.3%
259
Tony Armas
68.3%
32
Dwayne Murphy
65.6%
7
Mike Davis
58.1%
3
Don Baylor
52.7%
16
Cliff Johnson
48.4%
58
Wayne Gross
38.2%
Number of Games
Answer
% Correct
4
Mitchell Page
38.2%
18
Ron Hassey
37.6%
48
Bruce Bochte
36.6%
7
Dusty Baker
33.3%
3
Joe Rudi
30.6%
70
Dave Revering
28.5%
54
Davey Lopes
24.7%
12
Jeff Newman
23.7%
71
Jeff Burroughs
22%
3
Ron Cey
20.4%
5
Dan Meyer
16.7%
1
Doug Jennings
6.5%
7
Garry Hancock
4.3%
6
Randy Elliott
1.6%
Quiz Playlist
Details
Report
Send in Message
Add To Playlist
More Info:
Name the players who appeared as a cleanup hitter in the starting lineup of a regular season game for the Oakland A's during 1980-1989.
Classic:
Type in answers that appear in a list
Last Updated: Feb 16, 2017
Quiz Scoreboard
CHALLENGE
Sign Up to Join the Scoreboard
Show All
Scores
Hide
Comments
May contain spoilers
Recently Published
An Introduction to Baseball
by treessimontrees
Sports
5m
Movies - When Are They Set?
by FPL_Elf
Movies
5m
Popular People in 1961
by mucciniale
History
6m
More to Explore
Quiz From the Vault
Featured Blog Post
Where Did the Easter Bunny Come From?
hide this ad
You Might Also Like...
Tags
MLB Quiz
1980
1980s
1989
lineup
MLB Player
Oakland Athletics
Starting Lineups
Today's Top Quizzes in Sports
Browse Sports
hide this ad
Today's Top Quizzes in MLB
Browse MLB
Top Contributed Quizzes in Sports
1
Les meilleurs buteurs des matchs entre le PSG et l’OM
2
2022 World Cup Stars
3
FIFA Club World Cup Champions
4
Les entraîneurs de l'OM et du PSG au 21e siècle
5
Name the Premier League winners with different clubs
6
La finale Lions - Afrique du Sud 2021
7
Les joueurs passés par le LOSC et le RC Lens
8
Criteria MLB: Left Handed Sluggers
9
Players with Multiple 50 Home Run Seasons
10
5-to-1: UK Sports Teams
Explore More
Trending Topics
Disney
Marvel
Anime
NBA
Kpop
Crossword
Harry Potter
Soccer
The Office
Pokémon
Country
NFL
Song
Puzzle
WWE
hide this ad
More By:
Baseballisfun
Quiz
Plays
Rating
Category
Featured
Created
New York Mets Cleanup Hitters of the 1980s
500
3.60
Sports
Apr 30, 2015
Pittsburgh Pirates Cleanup Hitters of the 1980s
357
5.00
Sports
Apr 30, 2015
MLB Active Home Run Leaders to start 1989 season?
327
4.75
Sports
Apr 26, 2015
New York Yankees Cleanup Hitters of the 1980s
325
4.67
Sports
Apr 27, 2015
Boston Red Sox Cleanup Hitters of the 1980s
314
4.67
Sports
Apr 27, 2015
Go to Creator's Profile
Score Distribution
Quiz Creator Spotlight
Baseballisfun
Follow
Send a Message
Quizzes Created
-
Created Quiz Play Count
-
More By This Creator
Popular Quizzes Today
1
Find the Countries of Europe - No Outlines Minefield
2
Find the US States - No Outlines Minefield
3
The Countries of the World
4
Popular People in 1961
5
US States
6
Find the US States
7
1-10 Letter E Words III
8
Risky Map Clicking: Biggest States A-Z
More Sports Quizzes
Liverpool Youth Team Graduates
Quiz Lab
Trending Quizzes
Risky Map Clicking: Least Populous States A-Z
1-10 Letter F Words
1-10 Letter G Words
One Thing in Common: United Kingdom
Not Quite an Element Typing Challenge
Recently Updated
Leaping Animals
pecheneg
Reality TV Shows (A-Z)
bhenderson79
Rickey Henderson's Hall of Fame Teammates
pecheneg
Champions League XIs: Arsenal
pecheneg
Quick Pick: Celebrities in WWE's Hall of Fame
aduchscher
A-Z Keypad Blitz II
pecheneg
Multiple Oscar Actors
pecheneg
Mystery Phrase Blitz: Oscar 'Best Actors'
pecheneg
F. Scott Fitzgerald Novels
LTH
Pick 3 Villains
ddd62291
Trending Topics
Disney
Harry Potter
Crossword
Marvel
Kpop
Anime
NBA
Country
WWE
The Office
Pokémon
Puzzle
NFL
Song
Soccer
Your Account Isn't Verified!
In order to create a playlist on Sporcle, you need to verify the email address you used during registration. Go to your
Sporcle Settings
to finish the process.
Report this User
Report this user for behavior that violates our
Community Guidelines
.
Details:
Send Report
Go to the Sporcle.com Mobile Site →
Comments